| 000 | 01330nam a2200349 a 4500 | ||
|---|---|---|---|
| 001 | |||
| 003 | DO-SdBNP | ||
| 005 | 20220311074549.0 | ||
| 008 | 090626s2007 dr a 001 0 spa d | ||
| 020 | _a9789945020243 | ||
| 040 |
_aDO-SdBNP _bspa _cBPMSU |
||
| 082 |
_a199.97293 _bG216u 2007 _222 |
||
| 100 | 1 |
_aAvelino, Andrés, _d1900-1974 |
|
| 240 | 0 | _lEspañol | |
| 240 | 1 | 0 | _lespañol |
| 245 | 1 | 0 |
_aUna carta a Maritain / _ctraducción presentación y comentarios Jesús Hernández Martínez ; editor Dantes Ortiz. |
| 260 |
_aSanto Domingo : _bArchivo General de la Nación, _c2007. |
||
| 300 |
_a118 p. : _bil. ; _c24 cm. |
||
| 490 | 0 |
_aPublicaciones del Archivo General de la Nación _v39 |
|
| 500 | _aIncluye índice onomástico | ||
| 533 |
_aFacsímil: _bCiudad Trujillo, República Dominicana: _cEditora Montalvo, _d1944 |
||
| 534 |
_aTítulo original : _tUne lettre á Maritain |
||
| 590 | _aInventariado, 2022/VM | ||
| 600 | 1 | 4 |
_aMaritain, Jacques, _d1882-1973 _eCorrespondencia, memorias, etc. |
| 650 | 1 | 4 | _aCartas dominicanas |
| 650 | 1 | 4 |
_aFilósofos dominicanos _xCorrespondencia, memorias, etc. |
| 700 | 1 |
_aHernández Martínez, Jesús, padre _etraductor |
|
| 700 | 1 |
_aOrtiz, Dantes, _eeditor |
|
| 830 | 0 |
_aPublicaciones del Archivo General de la Nación _n39 |
|
| 910 | _a VMateo V. | ||
| 942 |
_2ddc _cBK |
||
| 999 |
_c14063 _d14063 |
||